Normal view MARC view
  • Brahe, Tycho,

Entry Nombre Personal

Number of records used in: 1

001 - NUMERO DE CONTROL

  • campo de control: 9380

003 - IDENTIFICADOR DE NUMERO DE CONTROL

  • campo de control: MX-MxUPN

005 - FECHA Y HORA DE LA ÜLTIMA TRANSACCIÓN

  • campo de control: 20240912091328.0

008 - DATOS DE LONGITUD FIJA

  • campo de control de longitud fija: 240912n| acnnnaabn | aaa |d

035 ## - NUMERO DE CONTROL

  • Número de control: UPN10000009386

040 ## - FUENTE DE CATALOGACIÓN

  • Agencia original de catalogación: MX-MxUPN
  • Lenguaje de catalogación: spa
  • Agencia de transcripción: MX-MxUPN

100 1# - ENCABEZAMIENTO - NOMBRE PERSONAL

  • Nombre personal: Brahe, Tycho,
  • Fechas asociadas con el nombre: 1546-1601

670 ## - FUENTE EN LA QUE SE LOCALIZARON DATOS

  • Cita de la fuente: T/P
  • Información localizada: Salvat universal

902 ## - CATALOGADOR

  • Catalogador: CAA/100597